[Event "POL-chT"]
[Site "Lubniewice"]
[Date "1981.??.??"]
[Round "4"]
[White "Panczyk, Krzysztof"]
[Black "Schmidt, Wlodzimierz"]
[Result "1/2-1/2"]
[WhiteElo "2365"]
[BlackElo "2495"]

1.d4 Nf6 2.c4 g6 3.Nc3 d5 4.cxd5 Nxd5 5.e4 Nxc3 6.bxc3 Bg7 7.Bc4 O-O 8.Ne2 c5
9.h4 Nc6 10.Be3 cxd4 11.cxd4 Na5 12.Bd3 Nc6 13.Bc4 Na5 14.Bd3 Nc6 15.Bc4  1/2-1/2

[Event "Montreal zt"]
[Site "Montreal"]
[Date "1981.??.??"]
[Round "?"]
[White "Taylor, Gordon"]
[Black "Barbeau, Sylvain"]
[Result "1/2-1/2"]
[WhiteElo "2250"]
[BlackElo "2245"]

1.d4 Nf6 2.c4 g6 3.Nc3 d5 4.cxd5 Nxd5 5.e4 Nxc3 6.bxc3 Bg7 7.Bc4 O-O 8.Ne2 Nc6
9.O-O Na5 10.Bd3 c5 11.Be3 b6 12.Rc1 Bb7 13.Qd2 Rc8 14.Bh6 e6 15.Bxg7 Kxg7
16.Qe3 Qe7 17.f4 Rfd8 18.Rf3 cxd4 19.Nxd4 Nc4 20.Bxc4 Rxc4 21.Rg3 Qc5 22.Rf1 Rxc3
23.Qxc3 Qxd4+ 24.Qxd4+ Rxd4 25.e5 Rd2 26.a3 Bd5 27.h4 b5 28.Rf2 Rd1+ 29.Kh2 a5
30.Rc3 a4 31.g4 Rh1+ 32.Kg3 Rg1+ 33.Kh3 Rh1+ 34.Rh2 Rf1 35.Kg3 Rg1+ 36.Kh3 Rf1
37.Kg3  1/2-1/2

[Event "Ed.Lasker mem"]
[Site "New York"]
[Date "1981.??.??"]
[Round "2"]
[White "Keene, Raymond D"]
[Black "Henley, Ron W"]
[Result "0-1"]
[WhiteElo "2490"]
[BlackElo "2440"]

1.d4 Nf6 2.c4 g6 3.Nc3 d5 4.cxd5 Nxd5 5.e4 Nxc3 6.bxc3 Bg7 7.Nf3 c5 8.Be3 O-O
9.Be2 b6 10.Rc1 cxd4 11.cxd4 e6 12.O-O Bb7 13.Qd3 Qd6 14.Rfd1 Na6 15.Bg5 Rfc8
16.Qe3 Nb4 17.Bc4 b5 18.Bb3 a5 19.a3 a4 20.e5 Qd7 21.axb4 Rxc1 22.Rxc1 axb3
23.Qxb3 Bf8 24.h3 Ra4 25.Qc3 h6 26.Bf6 Bxb4 27.Qc7 Qxc7 28.Rxc7 Ra1+ 29.Kh2 Bd5
30.Rc8+ Bf8 31.Rb8 b4 32.Be7 Ra8 33.Rxf8+ Rxf8 34.Bxb4 Rb8 35.Bd2 Rb2 36.Be3 Bxf3
37.gxf3 g5 38.Kg3 Kg7 39.h4 gxh4+ 40.Kxh4 Kg6 41.Kg4 Rb1 42.Kg3 Rb8 43.Kg4 Rh8
44.Kh4 Rh7 45.Bf4 Rg7 46.Kg4 Rg8 47.Kh4 Rd8 48.Be3 Rd5 49.Kg4 Rd7 50.Kh4 Re7
51.Bf4 Re8 52.Kg4 Rc8 53.Kg3 Rc4 54.Be3 Rc7 55.Kg4 Rc6 56.Kh4 Rc3 57.Kg4 Rc2
58.Kh4 Rb2 59.Kg4 Rb3 60.Kh4 Rb4 61.Kg3 Rb5 62.Kh4 Rb6 63.Kg4 Rb7 64.Kh4 Ra7
65.Kg4 Ra6 66.Kh4 Ra5 67.Kg3 Ra4 68.Kh3 Ra8 69.Kg3 h5 70.Kh4 Ra5 71.Kg3 Rb5
72.Bf4 Rd5 73.Be3 Ra5 74.Bf4 Rb5 75.Be3 Rd5 76.Kh3 f6 77.exf6 Kxf6 78.Kg3 Kf7
79.Kh3 Ke8 80.Kh4 Rf5 81.Bg5 Rxf3 82.Kxh5 Rxf2 83.Kg6 Rg2 84.Kf6 Rg4 85.Bh6 Kd7
86.Ke5 Rg1 87.Bf4 Re1+ 88.Kf6 Kc6 89.Ke7 Kd5 90.Bg5 Ra1 91.Bf6 Ra7+ 92.Ke8 Rh7
93.Kf8 Ke4 94.Ke8 Rb7 95.Kd8 Kf5 96.Bh4 Rb4 97.Bf2 Ke4 98.Kd7 Kd5 99.Ke7 Rb7+
100.Kf6 Rb2 101.Bg1 Rb1 102.Bh2 Rd1 103.Be5 Re1 104.Bg3 Re2 105.Bb8 Kxd4
106.Ba7+ Kd5 107.Kg5 Re4 108.Bf2 Ra4 109.Bg3 Ra3 110.Be1 Rf3 111.Kg4 Ke4
112.Ba5 e5 113.Bc7 Rf7 114.Bb8 Rg7+ 115.Kh4 Rg8 116.Bc7 Kd4 117.Bb6+ Kd3
118.Kh3 e4 119.Kh2 e3 120.Kh1 e2 121.Ba5  0-1

[Event "Ed.Lasker mem"]
[Site "New York"]
[Date "1981.??.??"]
[Round "5"]
[White "Fedorowicz, John P"]
[Black "Henley, Ron W"]
[Result "1-0"]
[WhiteElo "2435"]
[BlackElo "2440"]

1.c4 Nf6 2.Nc3 g6 3.d4 d5 4.cxd5 Nxd5 5.e4 Nxc3 6.bxc3 Bg7 7.Nf3 c5 8.Be3 O-O
9.Be2 cxd4 10.cxd4 e6 11.O-O b6 12.Bg5 Qd6 13.Qd2 Bb7 14.Qe3 Rc8 15.Bh6 Bh8
16.Rad1 Nd7 17.Ng5 Rc2 18.e5 Qe7 19.Bd3 Rc3 20.Bxg6 f6 21.Qxc3 fxg5 22.Bb1 Bg7
23.Bxg7 Qxg7 24.Rfe1 Rc8 25.Qa3 Bd5 26.Be4 Bxe4 27.Rxe4 Qg6 28.Ree1 a5 29.Qd6 Nf8
30.Rc1 Qe4  1-0

[Event "Ed.Lasker mem"]
[Site "New York"]
[Date "1981.??.??"]
[Round "8"]
[White "Keene, Raymond D"]
[Black "Adorjan, Andras"]
[Result "1/2-1/2"]
[WhiteElo "2490"]
[BlackElo "2545"]

1.d4 Nf6 2.c4 g6 3.Nc3 d5 4.cxd5 Nxd5 5.e4 Nxc3 6.bxc3 Bg7 7.Nf3 c5 8.Be3 Qa5
9.Nd2 O-O 10.Nb3 Qxc3+ 11.Bd2 Qb2 12.Bc1 Qc3+ 13.Bd2  1/2-1/2

[Event "Trencianske Teplice"]
[Site "Trencianske Teplice"]
[Date "1981.??.??"]
[Round "3"]
[White "Portisch, Ferenc"]
[Black "Novak, Ivan"]
[Result "1/2-1/2"]
[WhiteElo "2430"]
[BlackElo "2335"]

1.d4 Nf6 2.c4 g6 3.Nc3 d5 4.cxd5 Nxd5 5.e4 Nxc3 6.bxc3 Bg7 7.Nf3 c5 8.Be3 Qa5
9.Qd2 Nc6 10.Rc1 cxd4 11.cxd4 Qxd2+ 12.Kxd2 O-O 13.Bb5 f5 14.exf5 Bxf5 15.Rhd1 Be6
16.Bc4 Bxc4 17.Rxc4 Rad8 18.Ke2 Rf5 19.Rc5 Rfd5 20.Rxd5 Rxd5 21.Rb1 Nxd4+
22.Nxd4 Bxd4 23.Rxb7 Bxe3 24.fxe3 Rg5 25.Kf3  1/2-1/2

[Event "Tuzla"]
[Site "Tuzla"]
[Date "1981.??.??"]
[Round "14"]
[White "Lukacs, Peter"]
[Black "Robatsch, Karl"]
[Result "1/2-1/2"]
[WhiteElo "2465"]
[BlackElo "2425"]

1.d4 Nf6 2.c4 g6 3.Nc3 d5 4.cxd5 Nxd5 5.e4 Nxc3 6.bxc3 Bg7 7.Nf3 c5 8.Be3 O-O
9.Rc1 e6 10.Be2 cxd4 11.cxd4 b6 12.O-O Bb7 13.Qd3 Nc6 14.Rfd1 Qd6 15.Qb1  1/2-1/2

[Event "Hoogovens"]
[Site "Wijk aan Zee"]
[Date "1981.??.??"]
[Round "?"]
[White "Langeweg, Kick"]
[Black "Timman, Jan H"]
[Result "0-1"]
[WhiteElo "2455"]
[BlackElo "2620"]

1.d4 Nf6 2.c4 g6 3.Nc3 d5 4.cxd5 Nxd5 5.e4 Nxc3 6.bxc3 Bg7 7.Nf3 c5 8.Be2 Nc6
9.Be3 Bg4 10.e5 cxd4 11.cxd4 O-O 12.O-O Qd7 13.Qd2 Rfd8 14.Rfd1 Rac8 15.Rac1 b6
16.h3 Be6 17.Ba6 Rc7 18.Ng5 Bd5 19.Bf4 e6 20.Qc3 h6 21.Nf3 Qe7 22.Nh2 Rdd7
23.Qd2 Qb4 24.Qe3 h5 25.g4 Ne7 26.Bd3 Rxc1 27.Qxc1 Bxa2 28.gxh5 Bb3 29.hxg6 Bxd1
30.gxf7+ Kf8 31.Bh6 Qe1+ 32.Nf1 Rxd4 33.Bxg7+ Kxf7 34.Qg5 Rxd3 35.Bf6 Nf5
36.Bh8 Rf3 37.Qf6+ Kg8  0-1

[Event "Amsterdam"]
[Site "Amsterdam"]
[Date "1982.??.??"]
[Round "5"]
[White "Grooten, Herman"]
[Black "Boersma, Paulus A"]
[Result "1-0"]
[WhiteElo "2305"]
[BlackElo "2355"]

1.d4 Nf6 2.c4 g6 3.Nc3 d5 4.cxd5 Nxd5 5.e4 Nxc3 6.bxc3 Bg7 7.Nf3 c5 8.Be2 Nc6
9.e5 O-O 10.O-O cxd4 11.cxd4 Be6 12.Be3 Bd5 13.Ng5 Rc8 14.h4 Nb4 15.h5 Nc2
16.hxg6 hxg6 17.Bd3 Nxa1 18.Qg4 f6 19.Ne6 f5 20.Bxf5 Rxf5 21.Nxd8 Nc2 22.Qxg6 Nxe3
23.Ne6 Rf7 24.fxe3 Rxf1+ 25.Kxf1 Rc1+ 26.Kf2  1-0

[Event "Baile Herculane zt"]
[Site "Baile Herculane"]
[Date "1982.??.??"]
[Round "6"]
[White "Lukacs, Peter"]
[Black "Jansa, Vlastimil"]
[Result "1-0"]
[WhiteElo "2470"]
[BlackElo "2475"]

1.d4 Nf6 2.c4 g6 3.Nc3 d5 4.cxd5 Nxd5 5.e4 Nxc3 6.bxc3 Bg7 7.Bc4 O-O 8.Ne2 c5
9.O-O Nc6 10.Be3 Bd7 11.Rb1 Rc8 12.Bd3 Na5 13.d5 f5 14.exf5 Bxf5 15.c4 Qd7
16.Bxf5 Rxf5 17.Qc2 b6 18.Nf4 Nb7 19.Ne6 Nd8 20.Nxg7 Kxg7 21.Bc1 Kg8 22.Bb2 Nb7
23.Rbe1 Rcf8 24.Re2 Nd6 25.Rfe1 R8f7 26.h3 Rf4 27.Qc3 Rd4 28.Qg3 Rxc4 29.Qe5 Rf6
30.Qg5 Nf7 31.Qg3 Rcf4 32.Rxe7 Qd6 33.Re8+ Kg7 34.R8e6 Qxd5 35.Qxf4  1-0

[Event "Baile Herculane zt"]
[Site "Baile Herculane"]
[Date "1982.??.??"]
[Round "8"]
[White "Lukacs, Peter"]
[Black "Pavlov, Mircea"]
[Result "1/2-1/2"]
[WhiteElo "2470"]
[BlackElo "2405"]

1.d4 Nf6 2.c4 g6 3.Nc3 d5 4.cxd5 Nxd5 5.e4 Nxc3 6.bxc3 Bg7 7.Bc4 c5 8.Ne2 Nc6
9.Be3 cxd4 10.cxd4 Qa5+ 11.Bd2 Qa3 12.O-O O-O 13.Rb1 a5 14.e5 e6 15.Bg5 f6
16.exf6 Bxf6 17.Bxf6 Rxf6 18.d5 exd5 19.Bxd5+ Kg7 20.Ng3 Qf8 21.Ne4 Rf5 22.Rb3 h5
23.Qd2 Nb4 24.Bc4 b5 25.Be2 Be6 26.Rc3 Rd8 27.Qb2 Kg8 28.Rg3 Qg7  1/2-1/2

[Event "Baile Herculane zt"]
[Site "Baile Herculane"]
[Date "1982.??.??"]
[Round "10"]
[White "Pinter, Jozsef"]
[Black "Pavlov, Mircea"]
[Result "1-0"]
[WhiteElo "2520"]
[BlackElo "2405"]

1.d4 Nf6 2.c4 g6 3.Nc3 d5 4.cxd5 Nxd5 5.e4 Nxc3 6.bxc3 Bg7 7.Bc4 c5 8.Ne2 Nc6
9.Be3 O-O 10.O-O Na5 11.Bd3 cxd4 12.cxd4 Nc6 13.Bb5 Bd7 14.Rb1 e6 15.Qd2 a6
16.Bd3 b5 17.Rfc1 Re8 18.h4 Rc8 19.h5 Qa5 20.Qd1 e5 21.d5 Nd4 22.Nxd4 exd4
23.Bd2 Qa3 24.Rxc8 Rxc8 25.Qb3 Qe7 26.Re1 Qh4 27.e5 Qxh5 28.e6 fxe6 29.dxe6 Be8
30.e7+ Kh8 31.Qa3 Qd5 32.Qxa6 Qa8 33.Qe6 Rc6 34.Qd5 Rc8 35.Qe6 Rc6 36.Qe4 Rc8
37.Qg4 h5 38.Qh3 Qb7 39.Be4 Qa6 40.Bb4 Rc4 41.a3 Qf6 42.Bd3 Rc7 43.Qg3 Rc8
44.f4 Bh6 45.Qh3 Rc7 46.g3 Qc6 47.Qf1 Bg7 48.f5 Rc8 49.Qf4 Bf7 50.Bd2 Rg8
51.Qg5 Qf3 52.Be4 Qg4 53.f6 Bxf6 54.Qxf6+ Rg7  1-0

[Event "Baile Herculane zt"]
[Site "Baile Herculane"]
[Date "1982.??.??"]
[Round "14"]
[White "Schmidt, Wlodzimierz"]
[Black "Ghinda, Mihail Viorel"]
[Result "1/2-1/2"]
[WhiteElo "2485"]
[BlackElo "2425"]

1.d4 Nf6 2.c4 g6 3.Nc3 d5 4.cxd5 Nxd5 5.e4 Nxc3 6.bxc3 Bg7 7.Bc4 O-O 8.Be3 c5
9.Ne2 Nd7 10.O-O Qa5 11.a4 e6 12.Qb3 cxd4 13.cxd4 e5 14.d5 Nc5 15.Qc2 Bd7
16.Bb5 Rfc8 17.Qb1 Qd8 18.Rc1  1/2-1/2

[Event "Baile Herculane zt"]
[Site "Baile Herculane"]
[Date "1982.??.??"]
[Round "16"]
[White "Ftacnik, Lubomir"]
[Black "Pavlov, Mircea"]
[Result "1-0"]
[WhiteElo "2560"]
[BlackElo "2405"]

1.d4 Nf6 2.c4 g6 3.Nc3 d5 4.cxd5 Nxd5 5.e4 Nxc3 6.bxc3 Bg7 7.Bc4 c5 8.Ne2 Nc6
9.Be3 O-O 10.O-O Qc7 11.Rc1 Rd8 12.Qd2 Qa5 13.Rfd1 Bg4 14.f3 Ne5 15.Bd5 Rxd5
16.exd5 Nc4 17.Qd3 Nb2 18.Qb1 Nxd1 19.Qxb7 Rc8 20.Rxd1 Qxa2 21.Qb5 Rb8 22.fxg4 Qxd5
23.Nf4 Qe4 24.Qd3 Qxd3 25.Rxd3 cxd4 26.cxd4 e6 27.d5 exd5 28.Nxd5 Ra8 29.Ra3 a5
30.Nc7 Bf8 31.Ra4 Rb8 32.Rxa5 Bd6 33.Nb5 Bb4 34.Bf4 Rb7 35.Ra8+ Kg7 36.Rb8 Rd7
37.Nc7 Bc5+ 38.Kf1 g5 39.Rb5 Be7 40.Rd5 Rxd5 41.Nxd5 Bd8 42.Bc7  1-0

[Event "Beersheba"]
[Site "Beersheba"]
[Date "1982.??.??"]
[Round "1"]
[White "Pasman, Michael"]
[Black "Birnboim, Nathan"]
[Result "0-1"]
[WhiteElo "2310"]
[BlackElo "2460"]

1.d4 Nf6 2.c4 g6 3.Nc3 d5 4.cxd5 Nxd5 5.e4 Nxc3 6.bxc3 Bg7 7.Nf3 c5 8.Be3 Nc6
9.Rc1 cxd4 10.cxd4 Qa5+ 11.Qd2 Qxd2+ 12.Kxd2 O-O 13.d5 Rd8 14.Bg5 h6 15.Bf4 f5
16.Ke3 e5 17.dxe6 Bxe6 18.Bc4 Re8 19.Nd2 g5 20.Bd6 Bb2 21.Rb1 Bc3 22.Bd3 Bxd2+
23.Kxd2 fxe4 24.Bxe4 Rad8 25.Rxb7 Rxd6+ 26.Kc1 Bc8 27.Bh7+ Kh8 28.Rc7 Nb4
29.Kb1 Bd7  0-1

[Event "Biel"]
[Site "Biel"]
[Date "1982.??.??"]
[Round "7"]
[White "Szmetan, Ricardo"]
[Black "Birnboim, Nathan"]
[Result "0-1"]
[WhiteElo "2295"]
[BlackElo "2445"]

1.d4 Nf6 2.c4 g6 3.Nc3 d5 4.cxd5 Nxd5 5.e4 Nxc3 6.bxc3 Bg7 7.Nf3 c5 8.Be3 Nc6
9.Rb1 Bg4 10.Rxb7 O-O 11.Be2 Bxf3 12.Bxf3 cxd4 13.cxd4 Bxd4 14.Bxd4 Nxd4
15.O-O e5 16.Bg4 Qf6 17.Qd3 h5 18.Bd7 Rad8 19.Qa3 a6 20.Rfb1 h4 21.R1b6 Qg5
22.Qe3 Nf3+ 23.Kh1 Qxe3 24.fxe3 Nd2 25.Rb4 a5 26.R4b5 Nxe4 27.Rxe5 Rxd7 28.Rxd7 Rb8
29.g3 h3  0-1

[Event "Caorle op"]
[Site "Caorle"]
[Date "1982.??.??"]
[Round "1"]
[White "Fuss, Bert"]
[Black "Ceschia, Ivano"]
[Result "0-1"]
[WhiteElo "2135"]
[BlackElo "2240"]

1.d4 Nf6 2.c4 g6 3.Nc3 d5 4.cxd5 Nxd5 5.e4 Nxc3 6.bxc3 Bg7 7.Nf3 c5 8.Rb1 O-O
9.Be2 b6 10.Bb2 e6 11.h4 Bb7 12.Qd3 Nc6 13.h5 cxd4 14.cxd4 Nb4 15.Qd2 Bxe4
16.Rc1 Bxf3 17.Bxf3 Nd5 18.hxg6 hxg6 19.Ke2 Rc8 20.Rcg1 Qd7 21.Rh2 Qb5+ 22.Ke1 Qb4
23.a3 Qxd2+ 24.Kxd2 Rfd8 25.Rhh1 Ne7 26.Rc1 Rxc1 27.Rxc1 Bxd4 28.Bxd4 Rxd4+
29.Ke2 Rf4 30.Re1 Nf5 31.Kd3 Nh4 32.Re4 Rxe4 33.Bxe4 Nf5 34.Kc3 Nd6 35.Bc6 Kf8
36.a4 Ke7 37.a5 e5 38.axb6 axb6 39.Kd2 Ke6 40.Kc3 Kf5 41.Kd3 Kf4 42.g3+ Kg4
43.Ke3 f5 44.Bf3+ Kg5 45.Be2 Kf6 46.Bd1 Nc4+ 47.Ke2 e4 48.f3 exf3+ 49.Kxf3 Ke5
50.Ba4 Nd6 51.Ke3 g5 52.Bd7 g4 53.Kf2 b5 54.Bc6 b4  0-1

[Event "Futurity"]
[Site "Chicago"]
[Date "1982.??.??"]
[Round "3"]
[White "Silman, Jeremy D"]
[Black "Martinovsky, Eugene"]
[Result "1-0"]
[WhiteElo "2355"]
[BlackElo "2200"]

1.d4 Nf6 2.c4 g6 3.Nc3 d5 4.cxd5 Nxd5 5.e4 Nxc3 6.bxc3 Bg7 7.Nf3 O-O 8.Be2 c5
9.Rb1 Nc6 10.d5 Na5 11.c4 b6 12.O-O Bg4 13.Nd2 Bxe2 14.Qxe2 e5 15.dxe6 fxe6
16.e5 Qd7 17.Ne4 Qd4 18.Bd2 Qxc4 19.Qg4 Bxe5 20.g3 Qd5 21.Bxa5 bxa5 22.Rb5 Bd4
23.Rxa5 Qf5 24.Qe2 h5 25.Nd6 Qf6 26.Nb5 Rf7 27.Ra6 Re7 28.Qe4 Rd8 29.Nxa7 Rf8
30.Nc6 Ree8 31.Nxd4 cxd4 32.Rd6 h4 33.Rxd4 h3 34.Qg4 Qf5 35.Rf4 Qxg4 36.Rxg4 Kg7
37.Rh4 Ra8 38.a4 Rf5 39.Ra1 g5 40.Rxh3 Rfa5 41.Re1 R8a6 42.Rh5 Kg6 43.Rh8 Rxa4
44.Kg2 Rc4 45.Re2 Rca4 46.Rb8 Ra2 47.Re3 R2a3 48.Re5 R3a5 49.Rg8+ Kf6 50.Rxa5 Rxa5
51.f4 gxf4 52.Rf8+ Ke5 53.Rxf4 Kd5 54.h4 e5 55.Rf8 Ra2+ 56.Kh3 e4 57.h5 e3
58.Re8 Kd4 59.g4 e2 60.Kh4 Kd3 61.g5 Ra8 62.Re6 Ra4+ 63.Kg3 Ra6 64.Rxe2 Kxe2
65.g6 Ra3+ 66.Kg4 Ra4+ 67.Kg5 Ra5+ 68.Kh6 Kf3 69.g7 Ra8 70.Kg5 Ra5+ 71.Kg6 Kg4
72.h6 Ra6+ 73.Kf7 Ra7+ 74.Ke6 Ra6+ 75.Ke5 Rg6 76.h7 Rxg7 77.h8=Q Re7+ 78.Kd5 Re3
79.Kd4 Rf3 80.Qg7+ Kf5 81.Qe5+ Kg4 82.Ke4 Rf2 83.Qg7+ Kh3 84.Qg5 Kh2 85.Ke3 Rg2
86.Qh4+ Kg1 87.Kf3 Rg8 88.Qe1+ Kh2 89.Qd2+ Kh1 90.Qc1+ Kh2 91.Qc2+ Kg1 92.Qb1+  1-0

[Event "Politiken Cup"]
[Site "Copenhagen"]
[Date "1982.??.??"]
[Round "1"]
[White "Thorsteins, Karl"]
[Black "Fedder, Steen"]
[Result "1/2-1/2"]
[WhiteElo "2305"]
[BlackElo "2420"]

1.d4 Nf6 2.c4 g6 3.Nc3 d5 4.cxd5 Nxd5 5.e4 Nxc3 6.bxc3 Bg7 7.Be3 c5 8.Qd2 Qa5
9.Rc1 e6 10.d5 exd5 11.exd5 O-O 12.Nf3 Nd7 13.c4 Qxd2+ 14.Nxd2 Re8 15.Be2 Ne5
16.O-O b6 17.Ne4 Bg4 18.f3 Bd7 19.Bg5 h6 20.Nf6+ Bxf6 21.Bxf6 Ng4 22.fxg4 Rxe2
23.h3 Rae8 24.Rf2 Re1+ 25.Rxe1 Rxe1+ 26.Kh2 Re4 27.Rf3 Rxc4 28.Re3 Rf4 29.Be5 Rf2
30.Ra3 a5 31.Bc7 Rd2 32.Bxb6 a4 33.Bxc5 Rxd5 34.Be3  1/2-1/2

[Event "Wch U20"]
[Site "Copenhagen"]
[Date "1982.??.??"]
[Round "7"]
[White "Hjartarson, Johann"]
[Black "Conquest, Stuart"]
[Result "1-0"]
[WhiteElo "2400"]
[BlackElo "2275"]

1.d4 Nf6 2.c4 g6 3.Nc3 d5 4.cxd5 Nxd5 5.e4 Nxc3 6.bxc3 Bg7 7.Bc4 c5 8.Ne2 O-O
9.O-O Nc6 10.Be3 Qc7 11.Rc1 Rd8 12.Qd2 Qa5 13.Rfd1 cxd4 14.cxd4 Qxd2 15.Rxd2 Bd7
16.d5 Na5 17.Bd3 b6 18.Ba6 b5 19.Bc5 Nc4 20.Rdc2 e6 21.dxe6 fxe6 22.Nc3 Bxc3
23.Rxc3 Nb2 24.Be7 Re8 25.Bf6 Nc4 26.a4 Nd6 27.Rc7 Nxe4 28.Be5 Rad8 29.f3  1-0

[Event "Wch U20"]
[Site "Copenhagen"]
[Date "1982.??.??"]
[Round "11"]
[White "Hjartarson, Johann"]
[Black "Stohl, Igor"]
[Result "0-1"]
[WhiteElo "2400"]
[BlackElo "2305"]

1.d4 Nf6 2.c4 g6 3.Nc3 d5 4.cxd5 Nxd5 5.e4 Nxc3 6.bxc3 Bg7 7.Be3 c5 8.Qd2 Qa5
9.Rc1 cxd4 10.cxd4 Qxd2+ 11.Kxd2 O-O 12.Bb5 Rd8 13.Ne2 Nc6 14.Bxc6 bxc6 15.Rc5 e5
16.Bg5 f6 17.Be3 exd4 18.Bxd4 Ba6 19.Rd1 Rd6 20.Ke3 Bxe2 21.Kxe2 Rad8 22.Ke3 Bf8  0-1

[Event "CSR-ch"]
[Site "Frenstat"]
[Date "1982.??.??"]
[Round "2"]
[White "Pribyl, Josef"]
[Black "Jansa, Vlastimil"]
[Result "1/2-1/2"]
[WhiteElo "2425"]
[BlackElo "2475"]

1.d4 Nf6 2.c4 g6 3.Nc3 d5 4.cxd5 Nxd5 5.e4 Nxc3 6.bxc3 Bg7 7.Bc4 O-O 8.Ne2 c5
9.Be3 Nc6 10.O-O Na5 11.Bd3 cxd4 12.cxd4 b6 13.Rc1 e6 14.Qd2 Bb7 15.Bh6 Qe7
16.Bxg7 Kxg7 17.Rfd1  1/2-1/2

[Event "Bundesliga 8182"]
[Site "Germany"]
[Date "1982.??.??"]
[Round "?"]
[White "Paulsen, Dirk"]
[Black "Lau, Ralf"]
[Result "1/2-1/2"]
[WhiteElo "2290"]
[BlackElo "2405"]

1.d4 Nf6 2.c4 g6 3.Nc3 d5 4.cxd5 Nxd5 5.e4 Nxc3 6.bxc3 Bg7 7.Nf3 c5 8.Be3 Qa5
9.Qd2 Nc6 10.Rc1 cxd4 11.cxd4 Qxd2+ 12.Kxd2 O-O 13.d5 Rd8 14.Ke1 Na5 15.Bg5 Bd7
16.Bd3 Rdc8 17.Ke2 e6 18.Bd2 b6 19.Ba6 Rxc1 20.Rxc1 exd5 21.exd5 Bf5 22.Rc7 h6
23.Be3 Bf8 24.h3 Be4  1/2-1/2

[Event "Bundesliga 8182"]
[Site "Germany"]
[Date "1982.??.??"]
[Round "?"]
[White "Schuh, Hubert"]
[Black "Gruenberg, Rainer"]
[Result "1/2-1/2"]
[WhiteElo "2275"]
[BlackElo "2300"]

1.d4 Nf6 2.c4 g6 3.Nc3 d5 4.cxd5 Nxd5 5.e4 Nxc3 6.bxc3 Bg7 7.Bc4 O-O 8.Ne2 b6
9.h4 e5 10.h5 exd4 11.hxg6 hxg6 12.cxd4 Qe7 13.Qd3 Nc6 14.Ba3 Nb4 15.Qg3 Be6
16.Bxe6 Nc2+ 17.Kd1 Qxa3 18.Qxa3 Nxa3 19.Bd5 Rac8  1/2-1/2

[Event "Hastings8283"]
[Site "Hastings"]
[Date "1982.??.??"]
[Round "?"]
[White "Farago, Ivan"]
[Black "Tukmakov, Vladimir B"]
[Result "0-1"]
[WhiteElo "2490"]
[BlackElo "2555"]

1.d4 Nf6 2.c4 g6 3.Nc3 d5 4.cxd5 Nxd5 5.e4 Nxc3 6.bxc3 Bg7 7.Bc4 O-O 8.Ne2 Nc6
9.O-O Na5 10.Bd3 c5 11.Be3 b6 12.Rc1 cxd4 13.cxd4 e6 14.Qd2 Bb7 15.Bh6 Qe7
16.h4 Rfd8 17.Bxg7 Kxg7 18.h5 Nc6 19.d5 Ne5 20.Qc3 f6 21.Nf4 exd5 22.exd5 Rac8
23.Qb3 Rd6 24.hxg6 hxg6 25.Rce1 Qd7 26.Qa3 Bxd5 27.Bb5 Bc6 28.Bxc6 Rdxc6
29.Re3 Rd6 30.Rg3 Rh8 31.Qb3 Rh4 32.Qb4 Kh7 33.Rh3 Rxh3 34.Nxh3 Rd1 35.Rxd1 Qxd1+
36.Kh2 Qd7 37.f3 Kg7 38.Nf4 g5 39.Ne2 Nd3 40.Qc3 Qd6+ 41.Kh1 Nf2+ 42.Kg1 Nd1
43.Qe1 Ne3 44.Qc3 Qc5 45.Qb3 Nf5+ 46.Kf1 Qc4 47.Qa3 Ng3+ 48.Kf2 Qxe2+ 49.Kxg3 a5
50.Qa4 Qe1+ 51.Kh2 Qh4+ 52.Qxh4 gxh4 53.a4 Kf7  0-1

[Event "Hastings8283"]
[Site "Hastings"]
[Date "1982.??.??"]
[Round "?"]
[White "Tukmakov, Vladimir B"]
[Black "Ftacnik, Lubomir"]
[Result "1/2-1/2"]
[WhiteElo "2555"]
[BlackElo "2535"]

1.d4 Nf6 2.c4 g6 3.Nc3 d5 4.cxd5 Nxd5 5.e4 Nxc3 6.bxc3 Bg7 7.Nf3 c5 8.Rb1 O-O
9.Be2 Nc6 10.d5 Ne5 11.Nxe5 Bxe5 12.Qd2 e6 13.f4 Bg7 14.c4 Re8 15.e5 f6 16.d6 fxe5
17.Bb2 exf4 18.Bxg7 Kxg7 19.O-O Rf8 20.Rxf4 Rxf4 21.Qxf4 Qf6 22.Qe3 b6 23.Kh1 Bd7
24.Rf1 Qb2 25.Qf3 Bc6 26.Qf7+ Kh8 27.Bf3 Bxf3 28.Qxf3 Rd8 29.d7 Qg7 30.Rd1 e5
31.Qb7 Qe7 32.Qxa7 e4 33.h3 e3 34.Qxb6 e2 35.Qb2+ Kg8 36.Re1 Rxd7 37.Rxe2 Rd1+
38.Kh2 Qd6+ 39.Qe5 Qxe5+ 40.Rxe5 Ra1 41.Rxc5 Rxa2 42.Kg3 Kg7 43.Rc7+ Kh6
44.Kf3 g5 45.c5 Kg6 46.Rc6+ Kf5 47.Rh6 Ra3+ 48.Ke2 Rc3 49.c6 Ke4 50.Kd2 Rc5
51.g3 Kd4 52.h4 gxh4 53.Rxh4+ Kd5 54.Rxh7 Rxc6 55.Ke3 Rc3+ 56.Kf4 Ke6  1/2-1/2

[Event "URS-ch sf"]
[Site "Ivano Frankovsk"]
[Date "1982.??.??"]
[Round "?"]
[White "Kakageldyev, Amanmurad"]
[Black "Mikhalchishin, Adrian"]
[Result "1-0"]
[WhiteElo "2365"]
[BlackElo "2530"]

1.d4 Nf6 2.c4 g6 3.Nc3 d5 4.cxd5 Nxd5 5.e4 Nxc3 6.bxc3 Bg7 7.Nf3 O-O 8.Be2 c5
9.Rb1 Nc6 10.d5 Ne5 11.Nxe5 Bxe5 12.Rb3 Qc7 13.c4 f5 14.exf5 Bxf5 15.h3 Bd7
16.Ra3 Bd4 17.O-O Be8 18.Be3 Qd7 19.Qd2 e5 20.Bd3 b5 21.cxb5 Qxd5 22.Qc2 Qf7
23.Ra6 Kh8 24.Bxd4 cxd4 25.Qc5 Qg7 26.Rxa7 Rxa7 27.Qxa7 e4 28.Bxe4 Bxb5 29.Qxg7+ Kxg7
30.Rd1 Rd8 31.f4 Bc4 32.a3 d3 33.Kf2 Rd7 34.Ke3 Ra7 35.Rc1 Bb5 36.Rc5 Be8
37.Rc3 Re7 38.Kxd3 Bb5+ 39.Kd4 h5 40.Rb3 Be8  1-0

[Event "URS-ch sf"]
[Site "Ivano Frankovsk"]
[Date "1982.??.??"]
[Round "?"]
[White "Lerner, Konstantin Z"]
[Black "Gorelov, Sergey G"]
[Result "1-0"]
[WhiteElo "2500"]
[BlackElo "2470"]

1.d4 Nf6 2.c4 g6 3.Nc3 d5 4.cxd5 Nxd5 5.e4 Nxc3 6.bxc3 Bg7 7.Rb1 c5 8.Nf3 b6
9.Be2 O-O 10.O-O Bb7 11.Qd3 Ba6 12.Qe3 e6 13.dxc5 Bxe2 14.Qxe2 bxc5 15.Bf4 Qc8
16.Bd6 Rd8 17.e5 Qc6 18.h4 Nd7 19.c4 a6 20.Rfe1 Nb6 21.Qe4 Rac8 22.Qf4 Ra8
23.Be7 Re8 24.Bf6 Bf8 25.h5 Nd7 26.hxg6 fxg6 27.Qh4 Ra7 28.Ng5 h6 29.Ne4 Bg7
30.Rb3 Rf8 31.Rg3 g5 32.Nxg5 Nxf6 33.exf6 Rxf6 34.Ne4 Rf5 35.Qxh6 Raf7 36.Rb1 Qc7
37.Qxe6 Re5 38.Nf6+ Kf8 39.Nd7+  1-0

[Event "Luzern ol (Men)"]
[Site "Luzern"]
[Date "1982.??.??"]
[Round "3"]
[White "Birnboim, Nathan"]
[Black "Ribli, Zoltan"]
[Result "1/2-1/2"]
[WhiteElo "2445"]
[BlackElo "2580"]

1.d4 Nf6 2.c4 g6 3.Nc3 d5 4.cxd5 Nxd5 5.e4 Nxc3 6.bxc3 Bg7 7.Be3 c5 8.Qd2 O-O
9.d5 e6 10.Bxc5 Qc7 11.Bd4 Bxd4 12.cxd4 exd5 13.e5 Nc6 14.Be2 f6 15.exf6 Rxf6
16.Nf3 Bg4 17.O-O Re8 18.Qg5 Qf4 19.Qxd5+ Kg7 20.Rae1 Rfe6 21.Ne5 Bxe2 22.Rxe2 Nxd4
23.Re4 Rxe5 24.Rxd4 Rxd5 25.Rxf4 g5 26.Rc4 Kf6 27.h4 h6 28.Rc7 Re7 29.Rxe7 Kxe7
30.Re1+ Kd6 31.hxg5 hxg5 32.Re2 b5 33.Kh2 a5 34.Kg3 Rd4 35.Kf3 Kc5 36.Ke3 Rd1
37.f4 g4 38.f5 Rf1 39.Ke4 b4 40.Rc2+ Kb5 41.Ke5 g3 42.f6 Rf2 43.Rc8 Rxg2
44.f7 Re2+ 45.Kd5 g2 46.f8=Q g1=Q 47.Rc5+ Ka4 48.Rxa5+ Kxa5 49.Qa8+  1/2-1/2

[Event "Luzern ol (Men)"]
[Site "Luzern"]
[Date "1982.??.??"]
[Round "3"]
[White "Hernandez, Roman"]
[Black "Fedder, Steen"]
[Result "1-0"]
[WhiteElo "2435"]
[BlackElo "2415"]

1.d4 Nf6 2.c4 g6 3.Nc3 d5 4.cxd5 Nxd5 5.e4 Nxc3 6.bxc3 Bg7 7.Nf3 O-O 8.Be2 c5
9.Rb1 b6 10.O-O Bb7 11.Qd3 cxd4 12.cxd4 Qd7 13.Bf4 Rc8 14.Qe3 Qa4 15.a3 Ba6
16.Bxa6 Nxa6 17.Bh6 Rc7 18.h4 Rac8 19.Bxg7 Kxg7 20.h5 Nb8 21.Qf4 Qc6 22.Rbc1 Qd6
23.e5 Qe6 24.Rxc7 Rxc7 25.hxg6 fxg6 26.Ng5  1-0

[Event "Luzern ol (Men)"]
[Site "Luzern"]
[Date "1982.??.??"]
[Round "6"]
[White "Arlandi, Ennio"]
[Black "Fatin, Tarek"]
[Result "0-1"]
[WhiteElo "2330"]
[BlackElo "2240"]

1.d4 Nf6 2.c4 g6 3.Nc3 d5 4.cxd5 Nxd5 5.e4 Nxc3 6.bxc3 Bg7 7.Nf3 O-O 8.Be2 c5
9.Rb1 Nc6 10.d5 Bxc3+ 11.Bd2 Bxd2+ 12.Qxd2 Na5 13.h4 f6 14.h5 gxh5 15.Qh6 Rf7
16.Nh4 Qf8 17.Qxh5 Rg7 18.Qf3 b6 19.Qc3 Nb7 20.Bd3 Nd6 21.Kf1 Bd7 22.Nf3 c4
23.Bc2 b5 24.e5 fxe5 25.Qxe5 Qf6 26.Qh5 Bf5 27.Bxf5 Nxf5 28.Rxb5 Qa1+ 29.Ne1 Rf8
30.Rh3 Nd6 31.Ra5 Ne4 32.f3 Qd4 33.Qh4 Ng3+ 34.Qxg3 Rxg3 35.Rxg3+ Kh8 36.Ra6 c3
37.Rc6 Rg8 38.Rxg8+ Kxg8 39.a3 Kf7 40.g4 a5  0-1

[Event "Luzern ol (Men)"]
[Site "Luzern"]
[Date "1982.??.??"]
[Round "8"]
[White "Petursson, Margeir"]
[Black "Birnboim, Nathan"]
[Result "1-0"]
[WhiteElo "2420"]
[BlackElo "2445"]

1.d4 Nf6 2.c4 g6 3.Nc3 d5 4.cxd5 Nxd5 5.e4 Nxc3 6.bxc3 Bg7 7.Nf3 c5 8.Rb1 Nc6
9.d5 Ne5 10.Nxe5 Bxe5 11.Bb5+ Kf8 12.Bh6+ Kg8 13.O-O Bxc3 14.Qb3 Bd4 15.Bc4 Qd6
16.Kh1 b6 17.f4 Rb8 18.e5 Qd8 19.f5 Qe8 20.d6 e6 21.fxe6  1-0

[Event "Luzern ol (Men)"]
[Site "Luzern"]
[Date "1982.??.??"]
[Round "10"]
[White "Afifi, Assem"]
[Black "Santos, Jose P"]
[Result "1-0"]
[WhiteElo "2370"]
[BlackElo "2365"]

1.d4 Nf6 2.c4 g6 3.Nc3 d5 4.cxd5 Nxd5 5.e4 Nxc3 6.bxc3 Bg7 7.Bc4 O-O 8.Ne2 Nc6
9.O-O b6 10.Be3 Bb7 11.Qd2 Na5 12.Bd3 c5 13.Rac1 Rc8 14.d5 c4 15.Bc2 e6 16.Rcd1 exd5
17.exd5 Re8 18.Ng3 Rc7 19.Ba4 Rf8 20.d6 Rc8 21.d7 Ra8 22.Bf4 Qf6 23.Bg5  1-0